000 01529nam a2200433 i 4500
001 54593
003 KOSZ 005
005 20230206090132.0
008 070508s2007 pl |000 0 pol
020 _a9788389867858
035 _a991034018609705066
035 _a(PL-WaBN)b19102082-48omnis_nlop
035 _ab19102082
035 _a(OCoLC)749375454
035 _a(PL)b0000001910208
035 _a(EXLNZ-48OMNIS_NETWORK)9910192476005606
040 _aWA N
_cWA N
_dKOSZ 005/HR
046 _k2007
080 _a632
080 _a(083)
100 1 _aPruszyński, Stefan
_d(1940- )
_eAutor
245 1 0 _aPrzewodnik dobrej praktyki ochrony roślin /
_c[aut.: Stefan Pruszyński, Stefan Wolny] ; Instytut Ochrony Roślin.
250 _aWyd. 4 uzup. i popr.
260 _aPoznań :
_b[Instytut Ochrony Roślin],
_c2007.
300 _a80 s. ;
_c21 cm.
336 _2rdacontent
_aTekst
_btxt
337 _2rdamedia
_aBez urządzenia pośredniczącego
_bn
338 _2rdacarrier
_aWolumin
_bnc
380 _aDruki ulotne
504 _aBibliogr. s. 73-75.
650 7 _aDobra Praktyka Rolnicza (GAP)
_2DBN
650 7 _aRośliny
_xochrona
_xprawo
_zPolska.
_2DBN
655 7 _aPoradnik
_2DBN
700 1 _aWolny, Stefan
_d(1948- )
_eAutor
710 2 _aInstytut Ochrony Roślin (Poznań)
_4Wydawca
856 _uhttp://koha.tu.koszalin.pl/cgi-bin/koha/opac-detail.pl?biblionumber=54493
_yKatalog online BPK
942 _2UKD
_cKS
999 _c54493
_d54493